Mathematical Constant - Sudden Death - Statistics

General Stats
  • This quiz has been taken 92 times
  • The average score is 3 of 9
Answers on the Grid
Answers color-coded by a green-red scale on the quiz's grid according to % correct below.
π
e
φ
γ
√2
√3
i
G
ζ(3)
τ
η
√32
κ
λ
ω
μ
ξ
√4
σ
θ
 
Answer Stats
Answer % Correct
π
59%
e
54%
√2
38%
√3
32%
G
21%
φ
20%
i
16%
γ
7%
ζ(3)
7%
No matching quizzes found
Score Distribution
Percent of People with Each Score
Percentile by Number Answered
Your Score History
You have not taken this quiz